[Event "7th Sharjah Masters 2024"]
[Site "Sharjah UAE"]
[Date "2024.05.17"]
[Round "4.5"]
[White "Petrosyan, Manuel"]
[Black "Erigaisi, Arjun"]
[Result "0-1"]
[WhiteTitle "GM"]
[BlackTitle "GM"]
[WhiteElo "2618"]
[BlackElo "2762"]
[WhiteFideId "13300857"]
[BlackFideId "35009192"]
[EventDate "2024.05.14"]

1. e4 e6 2. d4 d5 3. e5 c5 4. c3 Nc6 5. Nf3 Bd7 6. Be2 f6 7. O-O fxe5 8. Nxe5
Nxe5 9. dxe5 Qc7 10. Re1 O-O-O 11. Nd2 Ne7 12. Nf3 Nf5 13. Ng5 Kb8 14. Bd3 g6
15. Bd2 Bc8 16. Nf3 h6 17. b4 g5 18. h3 Rg8 19. g4 d4 20. c4 Ne7 21. b5 b6 22.
a4 Bb7 23. a5 Bg7 24. Qe2 Rdf8 25. Be4 Bxe4 26. Qxe4 Qb7 27. Qxb7+ Kxb7 28. Ra3
Ng6 29. Kg2 Ra8 30. Kf1 Rgf8 31. Rea1 Rxf3 32. Rxf3 Nxe5 33. Kg2 Nxf3 34. Kxf3
Rf8+ 35. Kg2 Be5 36. Re1 Bf4 37. Bxf4 Rxf4 38. axb6 Kxb6 39. Rxe6+ Ka5 40. Ra6+
Kb4 41. Rxa7 Kxc4 42. b6 Rf6 43. Ra6 Rf8 44. b7 Rb8 45. Rb6 d3 46. Kf1 Kc3 0-1

[Event "7th Sharjah Masters 2024"]
[Site "Sharjah UAE"]
[Date "2024.05.17"]
[Round "4.6"]
[White "Theodorou, Nikolas"]
[Black "Yu, Yangyi"]
[Result "1/2-1/2"]
[WhiteTitle "GM"]
[BlackTitle "GM"]
[WhiteElo "2617"]
[BlackElo "2729"]
[WhiteFideId "4262875"]
[BlackFideId "8603820"]
[EventDate "2024.05.14"]

1. d4 Nf6 2. c4 e6 3. Nf3 b6 4. a3 Bb7 5. Nc3 d5 6. Qc2 Be7 7. Bf4 c5 8. dxc5
bxc5 9. cxd5 exd5 10. e3 O-O 11. Be2 Nbd7 12. h3 Rc8 13. Rd1 d4 14. exd4 cxd4
15. Rxd4 Qb6 16. Rd1 Nd5 17. Nxd5 Rxc2 18. Nxb6 Nxb6 19. Be5 Be4 20. Nd2 Bg6 21.
Nf1 f6 22. Bd4 Nd5 23. Bf3 Nf4 24. Ne3 Rc7 25. g3 Ne6 26. Bc3 Bc5 27. Nd5 Rcc8
28. h4 Bf7 29. O-O Nc7 30. Nxc7 Rxc7 31. Ba5 Rcc8 32. Rfe1 Rfe8 33. Rxe8+ Bxe8
34. Bd5+ Kf8 35. Rc1 Ke7 36. Bd2 Bd7 37. Be4 h6 38. Bg6 Rc6 39. Be4 Rc8 40. Bf4
Bb6 41. Re1 Kf8 42. Bd5 Bc7 43. Be3 Bb6 44. Bf4 Bc7 45. Bxc7 Rxc7 46. Re3 Rc5
47. Bf3 Rc2 48. Rb3 a5 49. Rb7 Ke8 50. Kf1 g5 51. hxg5 hxg5 52. Ke1 f5 53. Bd1
Rc5 54. b4 Re5+ 55. Kd2 Rd5+ 56. Kc1 Kd8 57. Rb8+ Kc7 58. Rg8 axb4 59. axb4 g4
60. Bc2 Rd4 61. Rf8 Kd6 62. b5 Rb4 63. b6 Rxb6 64. Rf6+ Kc5 65. Rxb6 Kxb6 66.
Kd2 f4 67. gxf4 Kc7 68. Ke3 Kd6 69. Ke4 Ke6 70. f5+ Kf6 71. Kf4 Bc8 72. Kxg4 Bd7
73. Kf4 Bc8 74. Be4 Bd7 75. Bb7 Bxf5 76. Be4 Bd7 77. Bb7 Bf5 78. Be4 Bd7 1/2-1/2

[Event "7th Sharjah Masters 2024"]
[Site "Sharjah UAE"]
[Date "2024.05.17"]
[Round "4.7"]
[White "Sarana, Alexey"]
[Black "Vakhidov, Jakhongir"]
[Result "1-0"]
[WhiteTitle "GM"]
[BlackTitle "GM"]
[WhiteElo "2706"]
[BlackElo "2599"]
[WhiteFideId "24133795"]
[BlackFideId "14201801"]
[EventDate "2024.05.14"]

1. d4 Nf6 2. c4 g6 3. Nc3 Bg7 4. e4 d6 5. Be2 O-O 6. Be3 a5 7. Nf3 Ng4 8. Bg5 h6
9. Bh4 Nf6 10. h3 Nc6 11. d5 Nb4 12. Qd2 Nd7 13. a3 Nc5 14. axb4 Nb3 15. Qd1
Nxa1 16. b5 c5 17. Qxa1 f5 18. exf5 g5 19. Bg3 a4 20. Qa3 Qa5 21. f6 Bxf6 22.
Bd3 Qb4 23. Kd2 g4 24. hxg4 Bxg4 25. Kc2 Bxf3 26. gxf3 Bxc3 27. Qxc3 Qxc3+ 28.
Kxc3 Rxf3 29. Ra1 Kg7 30. Kd2 h5 31. Ra3 Kh6 32. Ke2 Raf8 33. Ra1 R3f6 34. f4
Rg8 35. Kf3 Rff8 36. Re1 Rf7 37. Re6+ Kg7 38. Be1 Kf8 39. Rh6 Rfg7 40. Bf2 Ke8
41. Rxh5 Kd7 42. b6 Kc8 43. Bc2 Rf8 44. Bxa4 Rgg8 45. Rh7 Rh8 46. Rxe7 Rh3+ 47.
Bg3 Rh1 48. Bd7+ Kd8 49. Rg7 Rf1+ 50. Kg2 Rh8 51. Be6 Rb1 52. Rxb7 1-0

[Event "7th Sharjah Masters 2024"]
[Site "Sharjah UAE"]
[Date "2024.05.17"]
[Round "4.8"]
[White "Nesterov, Arseniy"]
[Black "Fedoseev, Vladimir3"]
[Result "0-1"]
[WhiteTitle "GM"]
[BlackTitle "GM"]
[WhiteElo "2590"]
[BlackElo "2702"]
[WhiteFideId "24198455"]
[BlackFideId "24130737"]
[EventDate "2024.05.14"]

1. d4 d5 2. c4 e6 3. Nf3 a6 4. cxd5 exd5 5. Nc3 Nf6 6. Bg5 Be6 7. e3 Nbd7 8. Bd3
Bd6 9. O-O c6 10. Bf4 Bxf4 11. exf4 g6 12. Re1 O-O 13. Qc2 Bg4 14. Ne5 Nxe5 15.
fxe5 Nh5 16. Qd2 f6 17. f3 Be6 18. Na4 Qc7 19. Nc5 Rae8 20. Qh6 Ng7 21. exf6
Rxf6 22. Re5 a5 23. Qh4 Rff8 24. Rae1 Bc8 25. Qg5 Rxe5 26. Rxe5 Qd6 27. Qe7 Qxe7
28. Rxe7 b6 29. Na4 Rf4 30. Nxb6 Be6 31. Na4 Rxd4 32. Nc5 Bf5 33. Ba6 Kf8 34.
Re2 Kf7 35. Kf2 Rb4 36. g4 Ne6 37. Nb7 Bd3 38. Nd6+ Ke7 39. Nc8+ Kd8 40. Bxd3
Nf4 41. Na7 Nxd3+ 42. Ke3 Ne5 43. Kf2 Rb7 44. Rxe5 Rxa7 45. Re6 Rb7 46. b3 Rc7
47. h4 Kd7 48. Rf6 Ke7 49. g5 a4 50. b4 c5 51. bxc5 Rxc5 52. Ra6 Rc2+ 53. Ke3
Rxa2 54. Kd4 a3 55. Kxd5 Rd2+ 56. Ke4 a2 57. f4 Rf2 58. Ke3 Rh2 59. Kf3 Kd7 60.
Kg4 Rg2+ 61. Kf3 Rc2 62. Kg4 Kc7 63. h5 Kb7 64. Ra3 Kb6 65. Ra8 Kb5 66. Ra7 Kb4
67. Rb7+ Kc3 68. Ra7 Kb2 69. Rb7+ Kc1 70. Ra7 Kb1 71. hxg6 hxg6 72. f5 Rc4+ 73.
Kf3 gxf5 74. Rb7+ Kc2 75. Ra7 Kb2 0-1

[Event "7th Sharjah Masters 2024"]
[Site "Sharjah UAE"]
[Date "2024.05.17"]
[Round "4.9"]
[White "Krzyzanowski, Marcin"]
[Black "Sindarov, Javokhir"]
[Result "0-1"]
[WhiteTitle "GM"]
[BlackTitle "GM"]
[WhiteElo "2526"]
[BlackElo "2684"]
[WhiteFideId "1132199"]
[BlackFideId "14205483"]
[EventDate "2024.05.14"]

1. e4 c5 2. Nf3 e6 3. d4 cxd4 4. Nxd4 Nf6 5. Nc3 Nc6 6. a3 Be7 7. Be3 O-O 8. Be2
d6 9. Qd3 a6 10. f4 Qc7 11. O-O-O e5 12. Nf3 Rd8 13. Nd5 Nxd5 14. exd5 exf4 15.
Bxf4 Ne5 16. Qb3 Bf5 17. Nd4 Be4 18. Rhe1 Bg6 19. Kb1 Rac8 20. Rd2 Bf6 21. Ka2
Re8 22. Rc1 b5 23. Nc6 Nxc6 24. dxc6 Qxc6 25. Bf3 Qc4 26. g3 Be5 27. Bd5 Bxf4
28. gxf4 Qxf4 29. Rcd1 Rc7 30. Rg2 Kh8 31. c3 Re5 32. Qb4 Qxb4 33. axb4 f5 34.
Bb3 Rd7 35. Rd4 d5 36. Rgd2 Bf7 37. c4 bxc4 38. Bxc4 Rd6 39. Bd3 g5 40. Rc2 Re4 0-1

[Event "7th Sharjah Masters 2024"]
[Site "Sharjah UAE"]
[Date "2024.05.17"]
[Round "4.10"]
[White "Ter-Sahakyan, Samvel"]
[Black "Muradli, Mahammad"]
[Result "0-1"]
[WhiteTitle "GM"]
[BlackTitle "GM"]
[WhiteElo "2652"]
[BlackElo "2561"]
[WhiteFideId "13302531"]
[BlackFideId "13409301"]
[EventDate "2024.05.14"]

1. e4 c5 2. Nf3 d6 3. d4 cxd4 4. Nxd4 Nf6 5. Nc3 a6 6. Be3 e5 7. Nb3 Be6 8. h3
Be7 9. Qf3 O-O 10. O-O-O b5 11. g4 b4 12. Nd5 Nxd5 13. exd5 Bc8 14. Kb1 a5 15.
Nd2 a4 16. Ne4 Qc7 17. g5 b3 18. cxb3 axb3 19. Rc1 Qa5 20. a3 Nd7 21. Rg1 Kh8
22. Nf6 g6 23. Bd3 Bxf6 24. gxf6 Ba6 25. Be4 Rfc8 26. Rc6 Bb5 27. Rxc8+ Rxc8 28.
h4 Qa6 29. Ka1 Bd3 30. Bxd3 Qxd3 31. h5 Rc2 32. Rd1 Qc4 33. Rb1 Kg8 34. h6 Kf8
35. Bg5 Ke8 36. Qe3 Nc5 37. Qe1 Qa4 38. Rd1 Ne4 39. Bc1 Qc4 40. f4 Nf2 0-1

[Event "7th Sharjah Masters 2024"]
[Site "Sharjah UAE"]
[Date "2024.05.17"]
[Round "4.11"]
[White "Zemlyanskii, Ivan"]
[Black "Nguyen, Thai Dai Van"]
[Result "1/2-1/2"]
[WhiteTitle "FM"]
[BlackTitle "GM"]
[WhiteElo "2516"]
[BlackElo "2650"]
[WhiteFideId "24249971"]
[BlackFideId "358878"]
[EventDate "2024.05.14"]

1. e4 c5 2. Nf3 Nc6 3. Bb5 e6 4. Bxc6 bxc6 5. d3 Qc7 6. O-O Ne7 7. h4 d6 8. h5
h6 9. e5 dxe5 10. Re1 g5 11. Nxe5 Bg7 12. Nc4 Ba6 13. Nbd2 Rd8 14. Qf3 O-O 15.
Nb3 Nf5 16. c3 Rd5 17. Ne3 Re5 18. Rd1 Rd8 19. c4 Nh4 20. Qh3 f5 21. f4 gxf4 22.
Nf1 Qe7 23. Bxf4 Re2 24. Rd2 Nxg2 25. Bg3 Rxd2 26. Nbxd2 f4 27. Bf2 Ne3 28. Bh4
Bf6 29. Bxf6 Qxf6 30. Nxe3 fxe3 31. Qxe3 Qf5 32. Rf1 Rxd3 33. Rxf5 Rxe3 34. Rxc5
Re2 35. Nb3 Rxb2 36. Rxc6 Rxa2 37. Nd4 Ra4 38. Rxe6 Bxc4 39. Rg6+ Kh7 40. Nf5
Ra6 41. Nxh6 Rxg6+ 42. hxg6+ Kxh6 43. Kf2 a5 44. Ke3 a4 45. Kd2 a3 46. Kc2 Ba2
47. Kc3 1/2-1/2

[Event "7th Sharjah Masters 2024"]
[Site "Sharjah UAE"]
[Date "2024.05.17"]
[Round "4.12"]
[White "Suleymanli, Aydin"]
[Black "Daneshvar, Bardiya"]
[Result "0-1"]
[WhiteTitle "GM"]
[BlackTitle "GM"]
[WhiteElo "2621"]
[BlackElo "2582"]
[WhiteFideId "13413937"]
[BlackFideId "12576468"]
[EventDate "2024.05.14"]

1. e4 e5 2. Nf3 Nc6 3. Bb5 Nf6 4. d3 Bc5 5. c3 O-O 6. Bg5 h6 7. Bh4 Be7 8. O-O
d6 9. Bg3 a6 10. Ba4 Re8 11. Nbd2 Bf8 12. h3 b5 13. Bc2 Bb7 14. Re1 Nb8 15. d4
Nbd7 16. b3 g6 17. d5 c6 18. c4 cxd5 19. cxd5 Qa5 20. a3 Qc3 21. Re3 Qc7 22. b4
Rec8 23. Bd3 Nh5 24. Bh2 Nf4 25. Bf1 Nb6 26. g3 Nh5 27. Nh4 Na4 28. Nb3 Qd7 29.
Na5 Ra7 30. Qg4 Qxg4 31. hxg4 Nf6 32. f3 Ba8 33. Kh1 Rac7 34. Bg1 Be7 35. Ree1
Nd7 36. Ng2 Bg5 37. Ne3 Rc3 38. Kg2 Kg7 39. Bf2 Bd8 40. Nd1 Rc2 41. Ne3 R2c7 42.
Reb1 Bg5 43. Re1 Ndb6 44. Be2 Rc3 45. Nd1 Rc1 46. Ra2 Nxd5 47. Nb3 R1c7 48. exd5
Bxd5 49. Rd2 Bxb3 50. Rxd6 Rc6 51. Rxc6 Rxc6 52. Be3 Rc2 53. f4 exf4 54. gxf4
Bh4 55. Nf2 Bd5+ 56. Bf3 Bxf3+ 57. Kxf3 Rc3 58. Rh1 Bd8 59. Ne4 Rxa3 60. Ke2 Bb6
61. Nc5 Nc3+ 62. Kf2 Ne4+ 0-1

[Event "7th Sharjah Masters 2024"]
[Site "Sharjah UAE"]
[Date "2024.05.17"]
[Round "4.14"]
[White "Siddharth, Jagadeesh"]
[Black "Yuffa, Daniil"]
[Result "0-1"]
[WhiteTitle "IM"]
[BlackTitle "GM"]
[WhiteElo "2512"]
[BlackElo "2617"]
[WhiteFideId "5818320"]
[BlackFideId "24131423"]
[EventDate "2024.05.14"]

1. e4 c5 2. Nf3 Nc6 3. d4 cxd4 4. Nxd4 Nf6 5. Nc3 e5 6. Ndb5 d6 7. Nd5 Nxd5 8.
exd5 Nb8 9. c4 a6 10. Qa4 Bd7 11. Qa3 Bxb5 12. cxb5 a5 13. b6 Qxb6 14. Be3 Qb4+
15. Qxb4 axb4 16. Rc1 Na6 17. Bb5+ Kd8 18. Bb6+ Ke7 19. O-O g5 20. Rc4 f5 21.
Rfc1 Kf6 22. Bxa6 Rxa6 23. Rxb4 Rxa2 24. Bd8+ Kg6 25. Rxb7 f4 26. f3 h5 27. b4
g4 28. b5 h4 29. h3 g3 30. Rb1 Bg7 31. Rd7 e4 32. Rxd6+ Kh5 33. Bf6 Rc8 34. Bxg7
Rcc2 35. Re1 Rxg2+ 36. Kh1 Rh2+ 37. Kg1 Rhg2+ 38. Kh1 Rge2 39. Bc3 exf3 40. Rxe2
Rxe2 41. Re6 Rh2+ 0-1

[Event "7th Sharjah Masters 2024"]
[Site "Sharjah UAE"]
[Date "2024.05.17"]
[Round "4.17"]
[White "Artemiev, Vladislav"]
[Black "Safarli, Eltaj"]
[Result "1/2-1/2"]
[WhiteTitle "GM"]
[BlackTitle "GM"]
[WhiteElo "2705"]
[BlackElo "2597"]
[WhiteFideId "24101605"]
[BlackFideId "13402129"]
[EventDate "2024.05.14"]

1. d4 Nf6 2. Nf3 d5 3. c4 e6 4. Nc3 Bb4 5. cxd5 exd5 6. Bg5 h6 7. Bh4 O-O 8. e3
c5 9. dxc5 Nbd7 10. Qd4 Bxc5 11. Qd2 Bb4 12. a3 Bxc3 13. Qxc3 g5 14. Bg3 Ne4 15.
Qc7 Qf6 16. Nd4 Ndc5 17. Qe5 Qxe5 18. Bxe5 Re8 19. Bg3 Bd7 20. Be2 Rac8 1/2-1/2

[Event "7th Sharjah Masters 2024"]
[Site "Sharjah UAE"]
[Date "2024.05.17"]
[Round "4.18"]
[White "Sevian, Samuel"]
[Black "Kacharava, Nikolozi"]
[Result "1-0"]
[WhiteTitle "GM"]
[BlackTitle "GM"]
[WhiteElo "2699"]
[BlackElo "2527"]
[WhiteFideId "2040506"]
[BlackFideId "13611860"]
[EventDate "2024.05.14"]

1. d4 d5 2. c4 dxc4 3. e4 b5 4. a4 c6 5. axb5 cxb5 6. Nc3 Qb6 7. Nd5 Qb7 8. Bf4
e5 9. Bxe5 Nd7 10. Bf4 Ngf6 11. Nc7+ Kd8 12. Nxa8 Qxe4+ 13. Ne2 Qxa8 14. Nc3 Bb4
15. f3 a5 16. Be2 Re8 17. O-O Qc6 18. Re1 a4 19. Bd2 Qb6 20. Kh1 Qxd4 21. Qc2
Bb7 22. Rad1 Qf2 23. Bf4 Re6 24. Bg3 Qb6 25. Bf1 Ke8 26. Bf2 Qc6 27. Bd4 Kf8 28.
Qf5 Bc5 29. Bxf6 Nxf6 30. Re5 Rxe5 31. Qxe5 Ne8 32. Rd8 Be7 33. Rb8 b4 34. Nxa4
f6 35. Qe4 Qxe4 36. fxe4 Bxe4 37. Bxc4 Bd6 38. Rb6 Ke7 39. Ra6 Nc7 40. Ra5 Bc6
41. Nc5 f5 42. b3 g6 43. Nd3 Be4 44. Nf2 Bc6 45. Kg1 h5 46. Nd3 Be4 47. g3 Bxd3
48. Bxd3 Ne6 49. Bc4 Nc5 50. Kg2 Kf6 51. Rb5 Ne4 52. Rb7 Nd2 53. Bg8 Ne4 54. Rb6
Ke7 55. Bd5 Nc3 56. Bf7 Bc7 57. Rb7 Kxf7 58. Rxc7+ Ke6 59. Rc6+ Kf7 60. Rd6 g5
61. Rd4 Na2 62. Rd5 Ke6 63. Rb5 g4 64. Kf1 Kf6 65. Kg2 Ke6 66. h4 Kf6 67. Kf1
Ke6 68. Kg2 Kf6 69. Rc5 Nc3 70. Rc6+ Ke5 71. Rh6 Ne4 72. Rxh5 Nc5 73. Rh6 Nxb3
74. Rb6 Nd2 75. h5 Ne4 76. h6 Ng5 77. Rb7 b3 78. h7 Nxh7 79. Rxh7 Kd4 80. Rb7
Kd5 1-0

[Event "7th Sharjah Masters 2024"]
[Site "Sharjah UAE"]
[Date "2024.05.17"]
[Round "4.19"]
[White "Deac, Bogdan-Daniel"]
[Black "Vokhidov, Shamsiddin"]
[Result "1/2-1/2"]
[WhiteTitle "GM"]
[BlackTitle "GM"]
[WhiteElo "2693"]
[BlackElo "2592"]
[WhiteFideId "1226380"]
[BlackFideId "14204223"]
[EventDate "2024.05.14"]

1. Nf3 Nf6 2. c4 e6 3. b3 d5 4. Bb2 c5 5. cxd5 exd5 6. g3 Nc6 7. Bg2 d4 8. O-O
Be7 9. Na3 O-O 10. e3 Bf5 11. exd4 cxd4 12. Nc4 Rc8 13. Re1 Bc5 14. a3 b5 15.
Nce5 Be4 16. Nxc6 Bxc6 17. Ne5 Bxg2 18. Kxg2 Bb6 19. a4 Re8 20. Nf3 Ne4 21. axb5
Qd5 22. Ra4 g5 23. h3 h5 24. d3 Nd6 25. Rxe8+ Rxe8 26. Kg1 Nxb5 27. Rc4 f6 28.
Nd2 Nd6 29. Rc1 h4 30. g4 Kf7 31. Qf3 Qxf3 32. Nxf3 Nb5 33. Kf1 Re7 34. Rc4 Rd7
35. Ke2 Re7+ 36. Kf1 Rd7 37. Bc1 Nc7 38. Nd2 Ne6 39. Ne4 Rd5 40. b4 Bd8 41. Bd2
a5 42. Kg2 axb4 43. Rxb4 Bc7 44. Rb7 Kg6 45. Ra7 Rb5 46. Ra6 Kf7 47. Ra7 Kg6 48.
Ra6 Kf7 49. Ra7 1/2-1/2

[Event "7th Sharjah Masters 2024"]
[Site "Sharjah UAE"]
[Date "2024.05.17"]
[Round "4.20"]
[White "Nihal, Sarin"]
[Black "Nikitenko, Mihail"]
[Result "1-0"]
[WhiteTitle "GM"]
[BlackTitle "GM"]
[WhiteElo "2680"]
[BlackElo "2529"]
[WhiteFideId "25092340"]
[BlackFideId "13506862"]
[EventDate "2024.05.14"]

1. e4 e5 2. Nf3 Nc6 3. Bb5 a6 4. Ba4 Nf6 5. O-O Be7 6. Re1 b5 7. Bb3 d6 8. c3
O-O 9. h3 Nb8 10. d4 Nbd7 11. Nbd2 Bb7 12. Bc2 Re8 13. Nf1 Bf8 14. Ng3 h6 15. a4
c6 16. Be3 Qc7 17. Bd3 Rad8 18. Qc2 d5 19. Nxe5 Nxe5 20. dxe5 dxe4 21. Bxb5 Nd5
22. Bc4 Qxe5 23. Bd4 Qc7 24. Nxe4 c5 25. Be3 f5 26. Ng5 hxg5 27. Bxg5 Be7 28.
Qxf5 Qd7 29. Qg6 Kf8 30. Re5 Bxg5 31. Rxg5 Nf6 32. Rxc5 Re7 33. Rf5 Qc6 34. Rf4
Rde8 35. Rf1 Rd7 36. Rh4 Ke7 37. b4 Kd8 38. b5 Qc7 39. Qg5 Be4 40. Ba2 Bd3 41.
Rc1 axb5 42. axb5 Kc8 43. Rd4 Rde7 44. f4 Re2 45. Rxd3 Rxa2 46. Kh2 Ra4 47. Rf1
Rc4 48. b6 Qxb6 49. Qxg7 Rg8 50. Qf7 Rc7 51. Qa2 Rcg7 52. Rf2 Qc6 53. Rd4 Nd7
54. Qd5 Qxd5 55. Rxd5 Rg3 56. Rfd2 Nb6 57. R5d3 R3g7 58. g4 Kc7 59. Re2 Nd7 60.
Kg3 Rh8 61. h4 Rgh7 62. Rh2 Nf6 63. g5 Ne4+ 64. Kg4 Rg8 65. Rd4 Nf6+ 66. Kf3 Nd7
67. h5 Rf7 68. Ra2 Ne5+ 69. Kg3 Nc6 70. Rc4 Kb6 71. Rb2+ Kc7 72. Kg4 Rd7 73. g6
Rd1 74. f5 Rg1+ 75. Kf4 Rf1+ 76. Kg5 Rg1+ 77. Rg4 Rh1 78. f6 Ne5 79. Re4 Nf7+
80. Kg4 Nh6+ 81. Kg5 Nf7+ 82. Kf4 Rh4+ 83. Ke3 Rh3+ 84. Kf4 Rh4+ 85. Ke3 Rh3+
86. Kd2 Nd6 87. Rf4 Rh2+ 88. Kc1 Rh1+ 89. Kc2 Rh2+ 90. Kb3 Rxh5 91. Rg2 Rb8+ 92.
Rb4 Rg8 93. f7 Nxf7 94. gxf7 Rf8 95. Rf4 Rh7 96. Rgf2 Kd6 97. c4 Ke7 98. c5 Rb8+
99. Kc4 Kf8 100. Rg2 Rxf7 101. Rxf7+ Kxf7 102. Re2 1-0

[Event "7th Sharjah Masters 2024"]
[Site "Sharjah UAE"]
[Date "2024.05.17"]
[Round "4.21"]
[White "Pranav, V"]
[Black "Martirosyan, Haik M."]
[Result "1/2-1/2"]
[WhiteTitle "GM"]
[BlackTitle "GM"]
[WhiteElo "2587"]
[BlackElo "2679"]
[WhiteFideId "25060783"]
[BlackFideId "13306553"]
[EventDate "2024.05.14"]

1. e4 e5 2. Nf3 Nc6 3. Bb5 Nf6 4. O-O Nxe4 5. d4 Nd6 6. dxe5 Nxb5 7. a4 d6 8. e6
Bxe6 9. axb5 Ne5 10. Nd4 Be7 11. f4 Nc4 12. Nc3 Nb6 13. Nxe6 fxe6 14. Qg4 Bf6
15. f5 exf5 16. Re1+ Be5 17. Qxg7 Qe7 18. Qh6 Kd7 19. Bg5 Qf7 20. Qh3 Qg6 21.
Rf1 Raf8 22. Bh6 Rf6 23. Be3 Qg4 24. Qxg4 fxg4 25. Rxf6 Bxf6 26. Rxa7 Nc4 27.
Nd5 Nxe3 28. Nxf6+ Ke6 29. Ne4 Rb8 30. Ra3 Nc4 31. Rc3 d5 32. Nf2 Kd6 33. Ne4+
Ke5 34. Nf2 h5 35. b3 Ra8 36. Kf1 Ra3 37. h3 Kd6 38. hxg4 hxg4 39. Nxg4 Ra1+ 40.
Ke2 Na3 41. b6 c5 42. Rh3 Kc6 43. Ne3 d4 44. Nc4 Nxc4 45. bxc4 Kxb6 46. Rb3+ Kc6
47. c3 Ra2+ 48. Kd3 dxc3 49. Kxc3 Rxg2 50. Rb1 Rg3+ 51. Kc2 b6 52. Rh1 Kb7 53.
Rf1 Re3 54. Rh1 Re6 55. Rg1 Kc6 56. Kc3 1/2-1/2

[Event "7th Sharjah Masters 2024"]
[Site "Sharjah UAE"]
[Date "2024.05.17"]
[Round "4.23"]
[White "Moroni, Luca Jr"]
[Black "Sadhwani, Raunak"]
[Result "1/2-1/2"]
[WhiteTitle "GM"]
[BlackTitle "GM"]
[WhiteElo "2581"]
[BlackElo "2654"]
[WhiteFideId "865834"]
[BlackFideId "35093487"]
[EventDate "2024.05.14"]

1. c4 Nf6 2. g3 e6 3. Bg2 d5 4. Nf3 d4 5. d3 Bb4+ 6. Nbd2 a5 7. a3 Be7 8. O-O
Nc6 9. Nb3 e5 10. e3 a4 11. exd4 axb3 12. dxe5 Nd7 13. d4 Nb6 14. c5 Nd5 15.
Qxb3 O-O 16. Be3 Be6 17. Qxb7 Na5 18. Qb5 Nxe3 19. fxe3 Nc4 20. Rfe1 Rb8 21. Qa4
Bg5 22. Nxg5 Qxg5 23. d5 Nxe3 24. dxe6 Nxg2 25. e7 Qxe7 26. Re2 Ne3 27. Qe4 Rb3
28. Rxe3 Qxc5 29. Re1 Rxb2 1/2-1/2

[Event "7th Sharjah Masters 2024"]
[Site "Sharjah UAE"]
[Date "2024.05.17"]
[Round "4.24"]
[White "Sanal, Vahap"]
[Black "Mendonca, Leon Luke"]
[Result "0-1"]
[WhiteTitle "GM"]
[BlackTitle "GM"]
[WhiteElo "2566"]
[BlackElo "2640"]
[WhiteFideId "6300545"]
[BlackFideId "35028561"]
[EventDate "2024.05.14"]

1. e4 c5 2. Nf3 d6 3. Nc3 Nf6 4. d4 cxd4 5. Qxd4 Nc6 6. Qe3 g6 7. Bc4 Bg7 8. h3
O-O 9. O-O b6 10. Rd1 Bb7 11. Bb3 Nd7 12. Qf4 Nc5 13. Qh4 e6 14. Bg5 f6 15. Bh6
Qe7 16. Bxg7 Kxg7 17. Qg3 Rad8 18. Rd2 Na5 19. Nd4 Kh8 20. Re1 e5 21. Nf3 Naxb3
22. axb3 f5 23. Qg5 Rf6 24. Qh4 Nxe4 25. Nxe4 fxe4 26. Nh2 g5 27. Qxg5 Rg8 28.
Qe3 Rfg6 29. g4 Rf8 30. c4 h5 31. Qg3 Rf4 32. f3 h4 33. Qf2 exf3 34. Red1 Kg8
35. Kh1 Re4 36. Kg1 Qg5 37. Re1 Rxe1+ 38. Qxe1 e4 39. Nf1 Re6 40. Qe3 Qe5 41.
Kf2 Kg7 42. Qc3 Kf6 43. Ne3 Qxc3 44. bxc3 Ke5 45. Nf5 a6 46. Ke3 Rf6 47. Ne7 b5
48. Nf5 d5 49. c5 a5 50. Rd1 b4 51. cxb4 axb4 52. Nd4 Ra6 53. Rc1 Ra2 54. c6 Bc8
55. c7 Rh2 56. g5 Rxh3 57. Nc6+ Kd6 58. Na7 Kd7 59. Rc5 Rg3 60. Rxd5+ Kxc7 61.
Nxc8 Kxc8 62. Rd1 h3 63. Rh1 Kd7 64. g6 Ke6 65. g7 Rxg7 66. Rxh3 Rf7 67. Kd4 0-1

[Event "7th Sharjah Masters 2024"]
[Site "Sharjah UAE"]
[Date "2024.05.17"]
[Round "4.25"]
[White "Kadric, Denis"]
[Black "Mishra, Abhimanyu"]
[Result "1/2-1/2"]
[WhiteTitle "GM"]
[BlackTitle "GM"]
[WhiteElo "2558"]
[BlackElo "2634"]
[WhiteFideId "14403803"]
[BlackFideId "30920019"]
[EventDate "2024.05.14"]

1. e4 e5 2. Nf3 Nc6 3. Bc4 Bc5 4. O-O Nf6 5. d3 d6 6. c3 O-O 7. Re1 Bb6 8. a4 a5
9. h3 h6 10. Bb3 Ne7 11. d4 Ng6 12. Bc2 Re8 13. Nbd2 c6 14. Nf1 d5 15. Nxe5 Nxe5
16. dxe5 Nxe4 17. Bxe4 dxe4 18. Qxd8 Bxd8 19. Rxe4 Bc7 20. f4 Bf5 21. Re1 f6 22.
g4 Bd3 23. Ng3 fxe5 24. f5 e4 25. Nh5 Kf7 26. Bf4 Bb6+ 27. Be3 Bxe3+ 28. Rxe3
Rad8 29. Ng3 Rd5 30. Rae1 1/2-1/2

[Event "7th Sharjah Masters 2024"]
[Site "Sharjah UAE"]
[Date "2024.05.17"]
[Round "4.26"]
[White "Horvath, Dominik"]
[Black "Gledura, Benjamin"]
[Result "1/2-1/2"]
[WhiteTitle "IM"]
[BlackTitle "GM"]
[WhiteElo "2554"]
[BlackElo "2619"]
[WhiteFideId "1642561"]
[BlackFideId "712779"]
[EventDate "2024.05.14"]

1. Nf3 d6 2. d4 g6 3. g3 Bg7 4. Bg2 Nf6 5. O-O O-O 6. Re1 Nbd7 7. e4 e5 8. Nc3
c6 9. a4 Re8 10. a5 Qc7 11. h3 Rb8 12. Be3 b5 13. axb6 axb6 14. d5 Bb7 15. Nh2
b5 16. dxc6 Qxc6 17. Ng4 b4 18. Nxf6+ Nxf6 19. Nd5 Nxd5 20. exd5 Qc4 21. Ra4 Bc8
22. c3 Bd7 23. Ra7 bxc3 24. Rxd7 cxb2 25. Bf1 Qc8 26. Rxd6 b1=Q 27. Qxb1 Rxb1
28. Rxb1 Bf8 29. Rc6 Qd7 30. Bc4 Rc8 31. Rbb6 Qxh3 32. Rb7 Ra8 33. Ba7 Rc8 34.
Be3 h5 35. Bf1 Qg4 36. Be2 Qxe2 37. Rxc8 Qd1+ 38. Kh2 Kg7 39. Rd8 h4 40. gxh4
Qg4 41. Bg5 Qf3 42. Be3 Qf6 43. Rdd7 Qxh4+ 44. Kg2 1/2-1/2

[Event "7th Sharjah Masters 2024"]
[Site "Sharjah UAE"]
[Date "2024.05.17"]
[Round "4.27"]
[White "Adhiban, Baskaran"]
[Black "Aditya, Mittal"]
[Result "1/2-1/2"]
[WhiteTitle "GM"]
[BlackTitle "GM"]
[WhiteElo "2523"]
[BlackElo "2608"]
[WhiteFideId "5018471"]
[BlackFideId "35042025"]
[EventDate "2024.05.14"]

1. e4 e5 2. Nf3 Nc6 3. Bb5 a6 4. Ba4 b5 5. Bb3 Na5 6. O-O d6 7. d4 exd4 8. Nxd4
Bb7 9. Bd2 Nxb3 10. axb3 Nf6 11. Re1 Nd7 12. Nc3 g6 13. Nd5 Bg7 14. Ba5 Rc8 15.
Nf3 Nb6 16. Bxb6 cxb6 17. c3 O-O 18. Qd3 Re8 19. Rad1 Bxd5 20. Qxd5 b4 21. cxb4
Bxb2 22. Re3 Qe7 23. e5 Ba3 24. h3 dxe5 25. Nxe5 Qe6 26. Qf3 Bc1 1/2-1/2

[Event "7th Sharjah Masters 2024"]
[Site "Sharjah UAE"]
[Date "2024.05.17"]
[Round "4.29"]
[White "Esipenko, Andrey"]
[Black "Seemann, Jakub"]
[Result "1-0"]
[WhiteTitle "GM"]
[BlackTitle "IM"]
[WhiteElo "2704"]
[BlackElo "2475"]
[WhiteFideId "24175439"]
[BlackFideId "21874697"]
[EventDate "2024.05.14"]

1. e4 c5 2. Nf3 d6 3. Bb5+ Nd7 4. O-O a6 5. Be2 Ngf6 6. d3 e6 7. a4 b6 8. Nfd2
Bb7 9. f4 Be7 10. Nc3 O-O 11. Bf3 Qc7 12. g4 Nb8 13. g5 Nfd7 14. Bg2 Nc6 15. Nc4
Nd4 16. Ne3 b5 17. Ne2 Nxe2+ 18. Qxe2 Rfe8 19. Bd2 Bf8 20. Qf2 Bc6 21. b3 Qb7
22. c4 bxa4 23. bxa4 Rab8 24. Bc3 Qc7 25. h4 Rb3 26. Qc2 Qb8 27. Ng4 Qb7 28. h5
d5 29. cxd5 exd5 30. e5 Rb8 31. Rf2 d4 32. Bxc6 Qxc6 33. Bxd4 Qd5 34. Bc3 c4 35.
d4 Rxc3 36. Qxc3 Rb3 37. Qe1 Rg3+ 38. Kh2 Rxg4 39. Qe2 f5 40. e6 Qxd4 41. Rd1
Qc3 42. Rf3 Rh4+ 43. Kg3 Rg4+ 44. Kh3 1-0